000 01091cam a22003257a 4500
003 CHAP
005 20220329141405.0
008 971013s1985 r 00010 d
010 _a67414
011 _a68386
035 _a77858
040 _cCHAP
090 _aFolleto 9940
100 0 0 _aDavis, J. Ruhard.
_931271
245 0 _aDungag shire environmental plan
_b: an application of SIRO plan to local government planning
260 _aCanberra :
_bCSIRO. Division of Water and Land Resources,
_c1985
300 _a86 p.
_b: mapas
490 0 _aDivisional report
_v; 85/2
590 _aBATCH-UPD
_b10
_c20130110
_lUCH01
_h0833
590 _aBATCH-UPD
_b10
_c20130410
_lUCH01
_h0511
590 _aBATCH-UPD
_b10
_c20130914
_lUCH01
_h1832
590 _aCONVERSION
_b10
_c20130109
_lUCH01
_h1337
650 1 4 _aTierras
_xAprovechamiento
_xAustralia.
_9113073
650 1 4 _aTierras
_xUtilización
_xAustralia.
_9113222
700 0 _aIve, J. R.
_960716
830 0 _aDivisional report
_v; 85/2
_933024
901 _aBK
942 _cFOLL
949 _aFolleto 9940
_bBC
_cFOLL
_d-30731
_eTS1
_i77858
_mD
_si
999 _c67414
_d67414